Представление документа в формате RUSMARC

ПолеНазваниеЗначение
  Тип записи a
  Библиографический уровень m
001 Контрольный номер ddd058e08b474609b7d53edfa5f43ed8
005 Дата корректировки 20160823143234.2
010 Индекс ISBN __
a ISBN 978-5-09-035070-9
d Цена 410,00
101 Язык документа 0_
a Язык текста rus
102 Страна публикации __
a Страна публикации RU
200 Заглавие и сведения об ответственности 1_
a Заглавие Основы безопасности жизнедеятельности. 10 класс
b Общее обозначение материала Текст
e Сведения, относящиеся к заглавию Учебник для общеобразовательных организаций: базовый уровень
f Первые сведения об ответственности А.Т. Смирнов, Б.О. Хренников
f Первые сведения об ответственности под ред. А.Т. Смирнова
205 Сведения об издании __
a Основные сведения об издании 2-е изд.
210 Выходные данные 1_
a Место издания М.
c Издательство Просвещение
d Дата издания 2015
215 Физическое описание __
a Объем 351 с.
c Иллюстрации/тип воспроизводства ил.
610 Ключевые слова 0_
a Ключевые слова учебник
a Ключевые слова ОБЖ
a Ключевые слова безопасность жизнедеятельности
a Ключевые слова ЧС
a Ключевые слова чрезвычайные ситуации
a Ключевые слова терроризм
a Ключевые слова экстремизм
a Ключевые слова ЗОЖ
a Ключевые слова здоровый образ жизни
a Ключевые слова гражданская оборона
a Ключевые слова военная служба
686 Индексы других классификаций __
a Классификационный индекс 68.9
700 Автор _1
a Фамилия Смирнов
b Имя А.Т.
701 Альтернативная интеллектуальная ответственность _1
a Фамилия Хренников
b Имя Б.О.
801 Источник записи _0
a Страна RU
b Организация РУК
g Правила каталогизации PSBO
801 Источник записи _1
a Страна RU
b Организация РУК
g Правила каталогизации PSBO
852 Данные о местонахождении __
i Авторский знак С 50
j Шифр хранения ББК 68.9
901 Тип документа __
t Тип документа m
937 Технологическая информация __
a Создатель записи (имя) Михно
938 Служебная информация __
a Название организации Поволжский филиал
952 Тип литературы __
b Гриф литературы для ВШ гриф МО
c Вид литературы учебник